000 00421nam a22001697a 4500
999 _c5069
_d5067
005 20210908135029.0
008 160701b xxu||||| |||| 00| 0 eng d
020 _a81-7888-570-6
041 _aeng
082 _b20387
100 _aprasad, T V S
_93392
245 _aSoil Chemistry nutrient & water mgt. in agricultural soil
260 _bdominent
_c2009
300 _a311
650 _aAgriculture
_92837
942 _cBK